000 01036nam a22003017a 4500
003 CHAP
005 20220817044237.0
008 081224s2006 mx r 00010 spa d
010 _a95557
011 _a96529
020 _a9780821365427
035 _a107183
040 _cCHAP
082 0 4 _a338.91
_bW89
_22007
110 0 _aWorld Bank, The
_9122697
245 1 0 _aWorld development report 2007 :
_bdevelopment and the next generation
_c/by The World bank
260 _aWashington, DC :
_bThe World Bank,
_c2006
300 _axvii, 317 p. :
_bilus.
590 _aBATCH-UPD
_b10
_c20130110
_lUCH01
_h1029
590 _aBATCH-UPD
_b10
_c20130410
_lUCH01
_h0632
590 _aBATCH-UPD
_b10
_c20130914
_lUCH01
_h1152
590 _aCONVERSION
_b10
_c20130109
_lUCH01
_h1353
650 0 4 _aDesarrollo económico.
901 _aBK
942 _cLIBRO
949 _a338.91 W89 2007
_bBC
_cLIBRO
_d33724002075736
_eLIBRO
_gI.c/e
_h110189
_i107183
_sb
949 _a338.91 W89 2007
_bBC
_cLIBRO
_d33724002075777
_eLIBRO
_fc.2
_gI,c/e
_h110190
_i107183
_sb
_t$286.00
999 _c95557
_d95557